000 00211nam a2200085Ia 4500
008 170617s9999 xx 000 0 und d
100 _aKapoor- Bimla
245 0 _aText book of sycbiatric Nursing
260 _bKumar Publishing
260 _c2008
999 _c12785
_d12785